Another Girl - The Beatles full Lyrics - Statistics

General Stats
  • This quiz has been taken 15 times
  • The average score is 166 of 207
Answer Stats
Answer % Correct
a
100%
another
100%
as
100%
be
100%
girl,
100%
girl.
100%
girl
100%
have
100%
I
100%
I've
100%
me
100%
what
100%
ain't
86%
always
86%
and
86%
And
86%
do
86%
do.
86%
don't
86%
friend.
86%
got
86%
love
86%
my
86%
no
86%
nobody
86%
so
86%
that
86%
the
86%
to
86%
will
86%
you,
86%
but
71%
end.
71%
fool
71%
For
71%
for
71%
from
71%
I'm
71%
say
71%
she
71%
somebody
71%
stop,
71%
take
71%
that's
71%
thick
71%
thin
71%
this
71%
Through
71%
'til
71%
today,
71%
well,
71%
who
71%
you'd
71%
You're
71%
all
57%
better
57%
making
57%
new.
57%
She's
57%
telling
57%
time
57%
want,
57%
want
57%
been
43%
can
43%
few,
43%
girls
43%
in
43%
met
43%
quite
43%
sweeter
43%
than
43%
unhappy
43%
with
43%
world
43%
seen
14%
No matching quizzes found
Score Distribution
Percent of People with Each Score
Percentile by Number Answered
Your Score History
You have not taken this quiz